Mayors of Major U.S. Cities (not capitals) - Statistics

General Stats
  • This quiz has been taken 13 times
  • The average score is 7 of 22
Answer Stats
Hint Answer % Correct
New York, New York Eric Adams
100%
Chicago, Illinois Brandon Johnson
92%
Dallas, Texas Eric Johnson
85%
Los Angeles, California Karen Bass
77%
Detroit, Michigan Mike Duggan
54%
Las Vegas, Nevada Shelley Berkley
38%
Philadelphia, Pennsylvania Cherelle Parker
31%
Cincinnati, Ohio Aftab Pureval
23%
San Francisco, California Daniel Lurie
23%
Seattle, Washington Bruce Harrell
15%
Kalamazoo, Michigan David Anderson
15%
Jacksonville, Florida Donna Deegan
15%
San Diego, California Todd Gloria
15%
Charlotte, North Carolina Vi Lyles
15%
Orlando, Florida Buddy Dyer
8%
Grand Rapids, Michigan David LaGrand
8%
Gary, Indiana Eddie Melton
8%
South Bend, Indiana James Mueller
8%
Houston, Texas John Whitmire
8%
San Jose, California Matt Mahan
8%
San Antonio, Texas Ron Nirenberg
8%
Flint, Michigan Sheldon Neeley
8%
No matching quizzes found
Score Distribution
Percent of People with Each Score
Percentile by Number Answered
Your Score History
You have not taken this quiz